| 000 -CABECERA |
| fixed length control field |
01872nam a22003257a 4500 |
| 003 - IDENTIFICADOR DEL NÚMERO DE CONTROL |
| control field |
AR-CdUCM |
| 008 - DATOS DE LONGITUD FIJA--INFORMACIÓN GENERAL |
| fixed length control field |
190425b ||||| |||| 00| 0 spa d |
| 040 ## - FUENTE DE LA CATALOGACIÓN |
| Agencia/entidad que catalogó originalmente la obra |
MUNICIPALIDAD PROVINCIAL DEL CUSCO |
| Entidad que transcribió la catalogación |
BIBLIOTECA MUNICIPAL DEL CUSCO |
| 082 ## - NÚMERO DE LA CLASIFICACIÓN DECIMAL DEWEY |
| No. de Clasificación |
Parlante/N°98/2008 |
| 110 ## - ENTRADA PRINCIPAL--NOMBRE DE ENTIDAD CORPORATIVA |
| Nombre de la institución, jurisdicción como entrada principal |
Centro Guamán Poma de Ayala |
| 9 (RLIN) |
20511 |
| 245 ## - MENCIÓN DE TÍTULO |
| Título |
Parlante : |
| Resto del título |
Revista del Cusco / |
| 260 ## - PUBLICACIÓN, DISTRIBUCIÓN, ETC. |
| Lugar de publicación, distribución, etc. |
Cusco : |
| Nombre de la editorial, distribuidor, etc. |
Centro de Educación y Comunicación Guamán Poma de Ayala, |
| Fecha de publicación, distribución, etc. |
2008. |
| 300 ## - DESCRIPCIÓN FÍSICA |
| Nº de Páginas Extensión |
36 páginas. : |
| Otros detalles físicos |
ilustraciones ; |
| Dimensiones |
30 cm. |
| 440 ## - MENCIÓN DE SERIE/PUNTO DE ACCESO ADICIONAL--TÍTULO |
| Título |
Parlante revista del Cusco. |
| Número de la parte/sección de una obra |
Año 23, N°98, diciembre 2008-enero-2009. |
| 9 (RLIN) |
47432 |
| 505 ## - NOTA DE CONTENIDO CON FORMATO |
| Nota de contenido formateada |
Contenido: El poblador indígena sigue siendo ninguneado, entrevista al defensor del pueblo, Silvio Campana. Adriana Peralta. -- Evaluación de la gestión de las autoridades políticas. -- Las mejores y peores instituciones del 2008. -- La arquitectura de la mano de la arqueología. Mónica Paredes. -- Expo agua y ciudad la declaración del Cusco. -- La restauración de la casa Concha y la destinada tergiversación de su autenticidad. -- Roberto Samanez Argumedo. -- Valle sagrado de los incas, el clima, la naturaleza y el magnetismo como negocio. Adriana Peralta. -- Mitad de niños pre-escolares del valle del Cusco con parasitosis y desnutrición. -- agresión escolar y efectos de los video juegos. |
| 650 ## - PUNTO DE ACCESO ADICIONAL DE MATERIA--TÉRMINO DE MATERIA |
| Descriptor |
Actualidad y política |
| 9 (RLIN) |
47410 |
| 650 ## - PUNTO DE ACCESO ADICIONAL DE MATERIA--TÉRMINO DE MATERIA |
| Descriptor |
Centro Histórico Cusco |
| 9 (RLIN) |
46767 |
| 650 ## - PUNTO DE ACCESO ADICIONAL DE MATERIA--TÉRMINO DE MATERIA |
| Descriptor |
Educación, cultura y deportes |
| 9 (RLIN) |
47422 |
| 650 ## - PUNTO DE ACCESO ADICIONAL DE MATERIA--TÉRMINO DE MATERIA |
| Descriptor |
Medio ambiente |
| 9 (RLIN) |
47423 |
| 650 ## - PUNTO DE ACCESO ADICIONAL DE MATERIA--TÉRMINO DE MATERIA |
| Descriptor |
Salud |
| 9 (RLIN) |
8684 |
| 700 ## - PUNTO DE ACCESO ADICIONAL--NOMBRE DE PERSONA |
| Nombre Personal |
Peralta, Adriana |
| 9 (RLIN) |
47414 |
| 700 ## - PUNTO DE ACCESO ADICIONAL--NOMBRE DE PERSONA |
| Nombre Personal |
Paredes, Mónica |
| 9 (RLIN) |
47433 |
| 700 ## - PUNTO DE ACCESO ADICIONAL--NOMBRE DE PERSONA |
| Nombre Personal |
Samanez Argumedo, Roberto |
| 9 (RLIN) |
5654 |
| 700 ## - PUNTO DE ACCESO ADICIONAL--NOMBRE DE PERSONA |
| Nombre Personal |
Laurent, Abel |
| 9 (RLIN) |
31760 |
| 700 ## - PUNTO DE ACCESO ADICIONAL--NOMBRE DE PERSONA |
| Nombre Personal |
Nieto Degregori, Luis |
| 9 (RLIN) |
6534 |
| 700 ## - PUNTO DE ACCESO ADICIONAL--NOMBRE DE PERSONA |
| Nombre Personal |
Paredes, Omar |
| 9 (RLIN) |
47418 |
| 710 ## - PUNTO DE ACCESO ADICIONAL--NOMBRE DE ENTIDAD CORPORATIVA |
| Nombre corporativo (En letras Mayúsculas) |
Centro Guamán Poma de Ayala |
| 9 (RLIN) |
20511 |
| 942 ## - ELEMENTOS DE PUNTO DE ACCESO ADICIONAL (KOHA) |
| Fuente de clasificación |
|
| Tipo de item |
Revistas cusqueñas |
| 945 ## - PROCESAMIENTO DE INFORMACIÓN LOCAL (OCLC) |
| Catalogador |
vhl |